00382nam a2200133Ia 45000010005000000080041000050820031000461000064000772450034001412600024001755900007001999010027002069990015002332384241024s9999 xx 000 0 und d aRD/370/R426f LIBRO NO ESTA aRepública Dominicana . Ministerio de Educación (MINERD) 0aFortalecimiento Institucional bSanto Domingoc2012 asi a20/8/2012 2:11:54 p.m. c8935d8935